|
|
|
|
| LEADER |
00770pam a22002298a 4500 |
| 001 |
00017819 |
| 005 |
20171026081022.0 |
| 008 |
110422s1999 ||||||Viesd |
| 020 |
|
|
|c 67000
|
| 041 |
0 |
# |
|a Vie
|
| 082 |
1 |
4 |
|a 895.922 134
|b T450H
|
| 100 |
0 |
# |
|a Phong Lan
|
| 245 |
0 |
0 |
|a Tố Hữu về tác gia và tác phẩm
|c Phong Lan, Mai Hương
|
| 260 |
# |
# |
|a H.
|b Giáo dục
|c 1999
|
| 300 |
# |
# |
|a 919 tr.
|b Ảnh chân dung
|c 24 cm
|
| 650 |
# |
4 |
|a Tố Hữu
|
| 700 |
0 |
# |
|e Tuyển chọn và giới thiệu
|a Mai Hương
|
| 852 |
# |
# |
|b Kho mượn
|j KM.0005393
|
| 852 |
# |
# |
|b Kho đọc
|j KD.0003402
|
| 852 |
# |
# |
|j KD.0003402
|j KM.0005393
|
| 910 |
|
|
|d 22/04/2011
|
| 980 |
# |
# |
|a Trung tâm Học liệu Lê Vũ Hùng, Trường Đại học Đồng Tháp
|